000 00911nam a2200217Ia 4500
003 Ost
005 20260507075133.0
008 260507s9999||||xx |||||||||||||| ||und||
040 _cfsecg
041 _aara
082 _a330
100 _aهندي، منير ابراهيم
_eمؤلف
245 0 _aإدارة المنشآت المالية وأسواق المال :
_bبنوك تجارية وصناديق الإستثمار، أسواق الأوراق المالية /
_c منير ابراهيم هندي
260 _aالإسكندرية:
_b[دون ناشر],
_c2006
300 _a241 صفحة؛
_bإيضاحات ؛
_c24 سم
520 _aالبنوك التجارية- البنوك الإسلامية- صناديق الإستثمار- شركات التأمين.
653 _aالإدارة
653 _aالأسواق المالية
653 _aالمنشآت المالية
942 _cكتاب
999 _c43233
_d43233